000 00587nam a2200169Ia 4500
005 20250508160150.0
008 008 250505s9999 xx 000 0 eng d
037 _aBooks to be hide in OPAC
040 _aFEDL
_beng
_cFEDL
041 _aeng
_2eng
084 _a370.973, UNI/O
_qFEDL
245 0 _aCorrespondence study in universities and colleges/Statistics of state school systems 1917-18
260 _aWashington, USA
_bU.S. Government Printing Office
_c1920
546 _aBulletin 1920. Nos. 10 and 11
942 _cHB
_h370.973, UNI/O
999 _c1362362
_d1362362